| 000 | 008300000a22002410004500 | ||
|---|---|---|---|
| 003 | LK-CoMWRAF | ||
| 005 | 20240107182604.0 | ||
| 008 | 230817t1981 ||||| |||| 00| 0 eng d | ||
| 020 | _a1558760539 | ||
| 040 |
_aLK-CoMWRAF _dLK-CoMWRAF _eLK-CoMWRAF |
||
| 041 | _aeng | ||
| 082 |
_a305.4091 _bWAL |
||
| 100 | _aWalther, Wiebke | ||
| 242 | _aFrau im Islam | ||
| 245 |
_aWomen in Islam: _bfrom medieval to modern times |
||
| 260 |
_aPrinceton: _bMarkus Wiener Publishers, _c1981 |
||
| 300 | _a 281 p. : ill. ; 24 cm | ||
| 520 | _aThe issue of both urban and rural women in Islam from a largely historical standpoint, focusing on the central Islamic countries, i.e., the Arab world, Turkey, Iran and Mughal India | ||
| 650 | _aMuslim women- History | ||
| 650 | _aIslamic art | ||
| 700 |
_aSalt, C.S.V. _etrans. |
||
| 942 | _cBK | ||
| 999 |
_c2311 _d2311 |
||